Проблемы мониторинга и моделирования динамики лесных экосистем

Bibliografiske detaljer
Sprog:russisk
Udgivet: Москва, 1995
Fag:
Format: Bog
KOHA link:https://koha.lib.tpu.ru/cgi-bin/koha/opac-detail.pl?biblionumber=15114

MARC

LEADER 00000nam0a2200000 4500
001 15114
005 20231030190025.0
035 |a (RuTPU)RU\TPU\book\15218 
035 |a BOOK00000037 
090 |a 15114 
100 |a 20011209d1995 k y0rusy50 ca 
101 0 |a rus 
102 |a RU 
105 |a y z 000zy 
200 1 |a Проблемы мониторинга и моделирования динамики лесных экосистем 
210 |a Москва  |d 1995 
215 |a 352 с. 
610 1 |a леса 
610 1 |a мониторинг 
610 1 |a спектрометрия 
610 1 |a картографирование 
610 1 |a математические методы 
610 1 |a экология 
610 1 |a моделирование 
675 |a 630.1  |v 3 
801 0 |a RU  |b 63413507  |c 20011209  |g PSBO 
801 2 |a RU  |b 63413507  |c 20080218  |g PSBO 
942 |c BK